000 00358nam a2200145Ia 4500
008 230917s9999||||xx |||||||||||||| ||und||
040 _e158171
_aMAIN
041 _aEnglish
082 _a327.11 M277A
100 _aMahender Kumar
245 0 _aAnterrastriya rajniti ke Saidhantik paksh
260 _aAgra
_bShiv Lal
_c1995
300 _a490 p.
942 _cBK
999 _c93884
_d93884